000 00672nam a2200277Ia 4500
005 20260324133341.0
008 008 260324s9999 xx 000 0 eng d
020 _a9781003547310
037 _aEBOOK
040 _aCRL
040 _beng
040 _cCRL
041 _2eng
041 _aeng
084 _qCRL
100 _aStephan Bohm; Peter J Boettke; Sandye Gloria-Palermo
_91192762
245 0 _aModern Austrian Economics Vol 2
260 _bTaylor and Francis
260 _c2003
365 _a
365 _b195
856 _uhttp://www.taylorfrancis.com/books/9781003547310
942 _cEBOOK
999 _c1791705
_d1791705